| 000 | 00721nam a2200205 a 4500 | ||
|---|---|---|---|
| 001 | 000030640 | ||
| 005 | 20200930062426.0 | ||
| 008 | 110525s2011 dr 000 0 spa d | ||
| 020 | _a9789945455632 | ||
| 040 |
_aDO-SdBNP _bspa _cBNPHU |
||
| 082 |
_axxxx _bL925d |
||
| 100 | 1 |
_aLozada Pérez, Hiram _957228 |
|
| 245 | 1 | 3 |
_aLa desaparición de Jene Montgomery : y otros relatos crueles y fantástico. / _cHiram Lozada Pérez. |
| 260 |
_aSan Juan, Puerto Rico : _bIsla Negra _eSanto Domingo _fBúho _c2011. |
||
| 300 |
_a151 p ; _c21 cm. |
||
| 490 | 1 | _aEl rostro y la máscara | |
| 500 | _aIncluye datos biográficos del autor en la solapa de la contracubierta | ||
| 830 | 0 |
_aEl rostro y la máscara _9251 |
|
| 049 | _aBNPD | ||
| 999 |
_c30132 _d30132 |
||